Famous Rangers Footballers by Picture - Statistics

General Stats
  • This quiz has been taken 198 times
  • The average score is 12 of 30
Answer Stats
Picture Answer % Correct
Gennaro Gattuso
89%
Jermain Defoe
73%
Mikel Arteta
67%
Brian Laudrup
63%
Paul Gascoigne
62%
Graeme Souness
59%
Ronald de Boer
58%
Giovanni van Bronckhorst
55%
James Tavernier
53%
Ryan Kent
53%
Ianis Hagi
45%
Alfredo Morelos
44%
Ally McCoist
40%
Amad Diallo
40%
Allan McGregor
39%
Connor Goldson
38%
Steven Davis
37%
Kenny Miller
36%
El Hadji Diouf
33%
Steven Naismith
31%
Alan Hutton
28%
Barry Ferguson
28%
Andy Goram
26%
Richard Gough
23%
Kris Boyd
22%
John Greig
21%
Terry Butcher
20%
Peter Løvenkrands
19%
Sandy Jardine
18%
Steven Whittaker
12%
No matching quizzes found
Score Distribution
Percent of People with Each Score
Percentile by Number Answered
Your Score History
You have not taken this quiz